Loading...
| Philosophy | 0 | 8 | 0 | 0 | 80 | 49 | 90.13 | 0 | 7 |
| Literature - World Literature | 0 | 7 | 1 | 1 | 65 | 80 | 114.71 | 1 | 4 |
| Literature - British Literature | 0 | 6 | 0 | 1 | 60 | 74 | 101.83 | 2 | 5 |
| Literature - European Literature | 0 | 6 | 1 | 0 | 55 | 94 | 117.50 | 0 | 4 |
| Religion | 0 | 5 | 1 | 0 | 45 | 40 | 65.60 | 3 | 5 |
| Fine Arts - Painting & Sculpture | 0 | 4 | 0 | 0 | 40 | 86 | 110.00 | 2 | 4 |
| Literature - American Literature | 0 | 5 | 2 | 1 | 40 | 114 | 122.60 | 0 | 0 |
| History - World History | 0 | 3 | 0 | 1 | 30 | 113 | 120.00 | 1 | 1 |
| History - American History | 0 | 3 | 0 | 0 | 30 | 74 | 100.33 | 0 | 2 |
| Other | 0 | 3 | 0 | 1 | 30 | 20 | 83.67 | 2 | 2 |
| Mythology | 0 | 2 | 0 | 1 | 20 | 122 | 136.00 | 0 | 1 |
| Social Science | 0 | 2 | 1 | 0 | 15 | 50 | 75.50 | 1 | 2 |
| History - European History | 0 | 2 | 1 | 0 | 15 | 57 | 81.50 | 1 | 2 |
| Science - Biology | 0 | 1 | 0 | 0 | 10 | 98 | 98.00 | 1 | 1 |
| Science - Physics | 0 | 1 | 0 | 1 | 10 | 140 | 140.00 | 0 | 0 |
| History - Other History | 0 | 1 | 3 | 1 | -5 | 143 | 143.00 | 0 | 1 |